| 000 | 00921nam a2200289 a 4500 | ||
|---|---|---|---|
| 001 | 56651 | ||
| 003 | BD-RjUL | ||
| 005 | 20211209080423.0 | ||
| 008 | 730404s1955 nju 001 0 eng u | ||
| 035 | _a(OCoLC)597331 | ||
| 035 | _a(OCoLC)ocm00597331 | ||
| 035 | _a(BD-RjUL)56775 | ||
| 035 | _a(NNC)2587669 | ||
| 040 |
_dUPvMLC _aBD-RjUL _beng _cBD-RjUL |
||
| 041 | _aeng | ||
| 082 |
_223 _a027.009 _bHEH 1955 |
||
| 090 |
_aZ721.H582 _b1955 |
||
| 100 | 1 |
_aHessel, Alfred, _d1877-1939. _9168509 |
|
| 245 | 1 | 2 |
_aA history of libraries / _cAlfred Hessel and translated, with supplementary material by, Reuben Peiss. |
| 250 | _aReuben Peiss memorial ed. | ||
| 260 |
_aNew Brunswick, NJ : _bScarecrow Press, _c1955 [c1950] |
||
| 300 |
_axix, 198 p. ; _c22 cm. |
||
| 500 | _aIncludes index and Bibliography | ||
| 650 | 0 |
_aLibraries _xHistory. _9125749 |
|
| 700 | 1 |
_aPeiss, Reuben, _d1912-1952. _9168510 |
|
| 942 |
_2ddc _cBK |
||
| 999 |
_c56651 _d56651 |
||